The Algeria Quiz Stats

 Plays Quiz Updated May 5, 2018

Also try: The Egypt Quiz
Challenge
Share
Tweet
Embed
Score 0/44 Timer 07:00
0 Plays Today
Hint Answer % Correct
Flag ColorGreen
96.4%
Flag ColorWhite
96.3%
Flag ColorRed
93.7%
Bordering CountryMorocco
91.2%
Capital CityAlgiers
90.2%
Largest CityAlgiers
90.2%
Major ReligionSunni Muslim
89.4%
Bordering CountryTunisia
89%
Independence FromFrance
87.9%
ContinentAfrica
87.9%
Bordering CountryLibya
87.8%
Most Popular SportSoccer
84.1%
Age of Suffrage18
83.9%
Official LanguageArabic
83%
Bordering CountryMali
82.7%
Drives on the...Right
82.5%
Lingua FrancaFrench
79.9%
Bordering CountryNiger
79.9%
Bordering SeaMediterranean Sea
79.6%
DemonymAlgerian
78.4%
Bordering CountryMauritania
76.7%
Desert in the South of the CountrySahara
76.2%
Hint Answer % Correct
Population in Millions (July 2017 est.)41
51.7%
Year of Independence1962
49.1%
Largest Mountain RangeAtlas
48.2%
Major Ethnic GroupArab-Berber
45.6%
CurrencyDinar (DZD)
40.8%
# of districts48
39.1%
Largest Importer (Country)China
38.2%
Second Largest CityOran
34.5%
Year joined OPEC1969
31.7%
Largest Exporter (Country)Italy
27.5%
PresidentAbdelaziz Bouteflika
16.4%
Internet Country Code.dz
15.8%
Third Largest CityConstantine
15.1%
Official NamePeople's Democratic Republic of Algeria
13.6%
Independence DayJuly 5
10.5%
Government TypePresidential Republic
6.9%
National AnthemKassaman
6%
Highest Elevation (3,003 m)Tahat
5.2%
Lowest Elevation (-40 m)Chott Melrhir
3.2%
Longest RiverChelif
3%
Largest LakeChott Melrhir
2.9%
National HolidayRevolution Day
2.9%

You're not logged in!

Compare scores with friends on all Sporcle quizzes.
OR
Log In

You Might Also Like...

Show Comments

Extras

Top Quizzes Today


Score Distribution

Your Account Isn't Verified!

In order to create a playlist on Sporcle, you need to verify the email address you used during registration. Go to your Sporcle Settings to finish the process.

Report this User

Report this user for behavior that violates our Community Guidelines.

Details: